000 00393nam a2200169Ia 4500
001 9196
003 IN-NITTTR
005 20251114233045.0
008 251113s9999||||xx |||||||||||||| ||eng||
040 _beng
040 _cIN-NITTTR
041 _aeng
082 _a615.535 L644P
100 _aLindlahr, Henry
245 4 _aThe practice of nature cure. /
_cLindlahr, Henry
942 _2ddc
_cBK
999 _c11833
_d11833